• 首页
  • 本馆介绍
  • 公告通知
  • 最新文献
  • 馆藏检索
  • 电子资源
  • 读者导购
  • 参考咨询
  • 我的图书馆
  • 登录
  • 详细信息显示
  • 放入我的书架
  • 预约/预借图书
  • 作者相关作品
  • 分类相关作品
  • 丛书相关作品
  • 出版社相关作品

书目信息

  • 表格格式
  • 工作单格式
  • 卡片格式
题名:
春潮
    
 
作者: 海明威 著 ;吴劳 译
分册:  
出版信息: 上海   上海译文出版社  1999.07
页数: 219页
开本: 20cm
丛书名: 海明威文集
单 册:
中图分类: I712.15
科图分类:
主题词: 文学--作品综合集--美国--现代
电子资源:
ISBN: 7-5327-2286-4
000 00754nam2 2200241 45
001 0211150937
005 20041213104546.4
010    @a7-5327-2286-4@b精装@dCNY20.60
100    @a20021115d1999 km y0chiy0120 ea
101 0  @achi@ceng
105    @aa z 000ay
200 1  @a春潮@AChun Chao@a老人与海@ALao Ren Yu Hai@f(美)海明威著@F(Mei)Hai MingWei Zhu@g吴劳译
210    @a上海@c上海译文出版社@d1999.07
215    @a219页@c照片@d20cm
225    @a海明威文集
300    @a本书根据Charles Scribner's Sons,New York,1926年,1980年初版本译出
410    @12001 @a海明威文集
606 0  @a文学@x作品综合集@y美国@z现代
690    @aI712.15@v4
701  0 @a海明威@4著
702  0 @a吴劳@AWu Lao@4译
801    @aCN@bTSTC@c20021118
905    @dI712.15@e343:1
    
    春潮;老人与海/(美)海明威著/吴劳译.-上海:上海译文出版社,1999.07
    219页:照片;20cm.-(海明威文集)
    本书根据Charles Scribner's Sons,New York,1926年,1980年初版本译出
    
    ISBN 7-5327-2286-4(精装):CNY20.60
    
●
相关链接 在E读中查询图书 在五车中查询图书 在当当中查询图书 在豆瓣中查询图书


正题名:春潮     索取号:I712.15/343:1         预约/预借

序号 登录号 条形码 馆藏地/架位号 状态 备注
1 0317520   203175205   第二借阅区/ [索取号:I712.15/343:1] 在馆    
2 0317521   203175214   第二借阅区/ [索取号:I712.15/343:1] 在馆    
3 0317522   203175223   第二借阅区/ [索取号:I712.15/343:1] 在馆    
4 0317523   203175232   第二借阅区/ [索取号:I712.15/343:1] 在馆    
5 0317524   203175241   第二借阅区/ [索取号:I712.15/343:1] 在馆    
6 0317525   203175250   第二借阅区/ [索取号:I712.15/343:1] 在馆    
7 0317526   203175269   第二借阅区/ [索取号:I712.15/343:1] 在馆    
8 0317527   203175278   第二借阅区/ [索取号:I712.15/343:1] 在馆    
9 0317528   203175287   第二借阅区/ [索取号:I712.15/343:1] 在馆    
10 0317529   203175296   第一样本阅览室/ [索取号:I712.15/343:1] 在馆    
唐山师范学院图书馆 欢迎您!
大连网信软件有限公司© 版权所有